African Country Anagram Match-Up Quiz Stats

 Plays Quiz Updated Jul 10, 2015

Score 0/20 Timer 08:00
1 Play Today
% Correct
*RWANDA*
94%
*SEYCHELLES*
90.8%
*BOTSWANA*
88.3%
*CABO VERDE*
87.9%
*BURUNDI*
87.2%
*COTE D'IVOIRE*
86.6%
*CAMEROON*
84.9%
*ANGOLA*
84.9%
*GUINEA-BISSAU*
84.5%
*ALGERIA*
84.4%
% Correct
*LESOTHO*
84%
*LIBERIA*
81.5%
*SOUTH AFRICA*
81.3%
*SOUTH SUDAN*
81%
*SENEGAL*
81%
*NIGERIA*
79%
*THE GAMBIA*
79%
*SOMALIA*
77.2%
*SAO TOME AND PRINCIPE*
75.6%
*SIERRA LEONE*
70.8%

You're not logged in!

Compare scores with friends on all Sporcle quizzes.
OR
Log In

You Might Also Like...

Show Comments

Extras

Top Quizzes Today


Score Distribution

Your Account Isn't Verified!

In order to create a playlist on Sporcle, you need to verify the email address you used during registration. Go to your Sporcle Settings to finish the process.

Report this User

Report this user for behavior that violates our Community Guidelines.

Details: